000 01654cam a2200241 4500500
005 20251228052324.0
041 _afre
042 _adc
100 1 0 _aDoré, Joseph
_eauthor
245 0 0 _a« La grâce d'une cathédrale »
260 _c2012.
500 _a62
520 _aRésuméLa collection « Jésus et Jésus-Christ » n’était pas encore achevée que, sans l’avoir voulu, Joseph Doré en avait déjà inauguré une autre... Devenu archevêque de Strasbourg en 1997, il n’avait pas changé de théologie. Et donc, si le doyen qu’il avait été à l’ICP avait fondé un Institut des Arts sacrés (mieux nommé aujourd’hui Institut Supérieur de Théologie des Arts), le nouveau pasteur de l’Alsace continua à se préoccuper du dialogue entre Église-foi-célébration d’un côté, et culture-patrimoine-société de l’autre. Cela le conduisit à publier, avec une bonne vingtaine de collaborateurs, un grand ouvrage sur la cathédrale de Strasbourg. Quand l’état de sa santé l’obligea à quitter sa charge en 2007, l’idée lui vint de faire pour d’autres cathédrales, à chaque fois en lien avec leur évêque, ce qu’il avait lui-même réalisé pour celle dont il avait eu la charge pendant dix ans.
690 _aarts sacrés
690 _acathédrale de Strasbourg
690 _acathédrales
690 _acathédrales de France
690 _aIAS
690 _aISTA
690 _athéologie et culture
786 0 _nTransversalités | 121 | 1 | 2012-03-01 | p. 221-229 | 1286-9449
856 4 1 _uhttps://shs.cairn.info/revue-transversalites-2012-1-page-221?lang=fr&redirect-ssocas=7080
999 _c1583325
_d1583325